| 000 | 01460nam0a22003131 4500 | ||
|---|---|---|---|
| 001 | rc\4181037 | ||
| 005 | 20260408084024.0 | ||
| 021 |
_aRU _b[53-36313] |
||
| 035 | _a(NLR Aleph) 008190097 | ||
| 090 |
_a7970204 _c7970204 |
||
| 100 | _a20130415d1953 |||y0rusy50 ca | ||
| 101 | 0 | _arus | |
| 102 | _aRU | ||
| 105 | _aa z ||||| | ||
| 200 | 1 |
_aСажалка картофеля квадратно-гнездовая четырехрядная СКГ-4 _eУстройство. Сборка. Применение. Уход _fМ-во машиностроения СССР. Главсельмаш |
|
| 210 |
_aМосква _cЦентр. бюро техн. информации _d1953 |
||
| 215 |
_a76 с., 2 л. схем. _cил. _d20 |
||
| 300 | _aВ вып. дан. сост.: инж. Герасимов С.А., Кашинцев А.А., Павлов В.Д., Павлов П.В. | ||
| 606 |
_aКартофелесажалки _xЭксплуатация _2psbo |
||
| 702 | 1 |
_aПавлов _bВ.Д. _4220 |
|
| 702 | 1 |
_aПавлов _bП.В. _4220 |
|
| 702 | 1 |
_aКашинцев _bА.А. _4220 |
|
| 702 | 1 |
_aГерасимов _bС.А. _gСергей Александрович _4220 |
|
| 712 | 0 | 1 |
_aСССР _bГлавное управление сельскохозяйственного машиностроения _3RU\NLR\AUTH\8810179293 _9854737 |
| 801 | 0 |
_aRU _bNLR _gpsbo |
|
| 801 | 1 |
_aRU _bELAR _2rusmarc |
|
| 852 |
_aNLR _jС20 Г-4/2331 |
||
| 942 | _cBOOK | ||
| 980 | _aNB | ||